| 000 | 00353nam a22001217a 4500 | ||
|---|---|---|---|
| 082 |
_a333.91 _bSTR _cD |
||
| 245 |
_aA strategy for water sector capacity building _cAlaerts, G.J. |
||
| 260 |
_aWashington _bThe world bank _c1991 |
||
| 300 |
_a185 p. : _bill, ; _c20 cm. |
||
| 526 |
_a0 _b0 _c0 _d333_910000000000000_STR |
||
| 650 |
_aMCE _9379 |
||
| 942 |
_2ddc _cBK |
||
| 999 |
_c541998 _d541998 |
||